/الملك فيصل والعلاقات الخارجية السعودية (Record no. 12434)
[ view plain ]
| 000 -الفاتح | |
|---|---|
| حقل البيانات ثابتة الطول | 00544nam a22001337a 4500 |
| 008 - عناصر البيانات ثابتة الطول - معلومات عامة | |
| حقل البيانات ثابتة الطول | 090727t xxu||||| |||| 00| 0 eng d |
| 020 ## - الرقم الدولى المعيارى للكتب | |
| الرقم الدولى المعيارى للكتاب | 977320966 |
| 082 ## - رقم تصنيف ديوى العشرى | |
| رقم التصنيف | 327.09531 |
| رقم المادة | ط ح ا |
| 245 ## - بيان العنوان | |
| العنوان | /الملك فيصل والعلاقات الخارجية السعودية |
| بيان المسئوليه,etc | عبد الحكيم الطحاوى |
| 260 ## - PUBLICATION, DISTRIBUTION, ETC. (IMPRINT) | |
| مكان الناشر او الموزع | :الجيزة |
| اسم الناشر او الموزع | عين للدراسات والبحوث الانسانية والاجتماعية |
| 300 ## - الوصف المادى | |
| التعداد | 318 ؛ ص |
| أبعاد الوعاء | 23 سم |
| 651 ## - المدخل الاضافى بالموضوع - اسم جغرافى | |
| 9 (RLIN) | 8166 |
| الاسم الجغرافي | السعودية |
| التقسيم الفرعي العام | -- العلاقات الخارجية |
| 942 ## - عناصر المدخل الإضافي( كوها) | |
| مصدر التصنيف او مخطط الترفيف | Dewey Decimal Classification |
| Koha [default] item type | Book - Borrowing |
| حالة التراجع | حالة الفقد | مصدر التصنيف او خطة الترفيف | حالة تلف | ليس للاعارة | مجموعات كوها | المكان الدائم | المكان الحالي | موقع الترفيف | تاريخ الاكتساب | Source of acquisition | رقم الاستدعاء | الباركود | Date last seen | نوع الوعاء |
|---|---|---|---|---|---|---|---|---|---|---|---|---|---|---|
| Dewey Decimal Classification | Alef-Baa | Central Library | Central Library | First floor | 27/07/2009 | 327.09531 الم | 000017712 | 15/07/2025 | Book - Borrowing |